000 00706nam a2200229Ia 4500
003 OSt
005 20220918183420.0
006 a|||||r|||| 00| 0
007 ta
008 220917b |||||||| |||| 00| 0 eng d
024 _a37,890
037 _cTextual
040 _aARTS
_cARTS
_beng
041 _2eng
_aeng
082 _aO13,2C745x, 111K2;2 (EO)
100 _aPlautus
_911835
245 0 _aPot of gold
_b the prisoners the brother menaechmus the swaggering soldier pseudolus tr by B F Wathling
260 _aHarnmondsworth
_bPenguin Books
_c1965
650 _aENGLISH LITERATURE
942 _hO13,2C745x, 111K2;2 (EO)
_cTEXL
_2CC
999 _c172588
_d172588